000 00553nam a2200157 a 4500
008 081113s1962 xx |||||||||||||| || u
050 _aGOV.ZAM(02)
100 _aBromwich, E. C
245 1 0 _aAfrican advancement
260 _c1962
350 _a0.00
650 _aCAREER DEVELOPMENT--ZAMBIA
650 _aCOPPER MINES AND MINING--ZAMBIA
710 _aRoan Antelope Copper Mines Limited
995 _D0.00
_FCBU-MAIN LIBRARY (Kitwe)
_H1
_I0.00
_M1
_UAVAILABLE
_WNov 13, 2008
_ZZambiana Collection
999 _c33711
_d33711